Medzinárodné dimenzie Corporate Identity

Salvato in:
Dettagli Bibliografici
Autore principale: Zorkóciová, Otília, 1954-
Natura: Capitolo di libro
Lingua:slovacco
Tags: Aggiungi Tag
Nessun Tag, puoi essere il primo ad aggiungerne!!

MARC

LEADER 00000naa$a2200000$$$4500
001 0137034
005 20240502072532.7
041 0 |a slo 
044 |a SK 
245 1 0 |a Medzinárodné dimenzie Corporate Identity  |c Otília Zorkóciová 
100 1 |a Zorkóciová, Otília, 1954-